Kraje z końcówką na "-stan" - quiz - Statystyki

Ogólne statystyki
  • Ten quiz został rozwiązany 168 razy
  • Średni wynik to 7 z 26
Statystyki odpowiedzi
Pańtwo % Poprawnych
Pakistan
85%
Kazachstan
79%
Tadżykistan
76%
Kirgistan
73%
Turkmenistan
73%
Uzbekistan
72%
Afganistan
70%
Nur-Sułtan
22%
Nur-Sułtan
22%
Chiny
17%
Iran
17%
Rosja
17%
Indie
16%
Islamabad
15%
Ocean Indyjski
14%
Kabul
13%
Aszchabad
10%
Biszkek
10%
Duszanbe
10%
Taszkent
9%
Lahaur
1%
Osz
1%
Chodżent
0%
Herat
0%
Namangan
0%
Turkmenabat
0%
Nie znaleziono quizów pasujących do podanych kryteriów
Rozkład punktacji
Procent ludzi z każdym wynikiem
Percentyl według liczby udzielonych odpowiedzi
Twoja historia wyników
Nie rozwiązałeś tego quizu